000 00255nam a2200097Ia 4500
001 693080
005 20250826161907.0
008 250824s9999 xx 000 0 und d
245 0 _aJANE AUSTENIN KAYIP ANILARI/S.JAMES/EVEREST
_cSYRIE JAMES
260 _bEVEREST
999 _c693080
_d693080